METAL ENGINEERING (Record no. 581495)
[ view plain ]
| 000 -LEADER | |
|---|---|
| fixed length control field | 00231nam a22001097a 4500 |
| 082 ## - DEWEY DECIMAL CLASSIFICATION NUMBER | |
| Classification number | 671 MET'B |
| 100 ## - MAIN ENTRY--PERSONAL NAME | |
| Personal name | BEADLE, JOHN D |
| 9 (RLIN) | 76043 |
| 245 ## - TITLE STATEMENT | |
| Title | METAL ENGINEERING |
| 260 ## - PUBLICATION, DISTRIBUTION, ETC. | |
| Place of publication, distribution, etc. | UK |
| Name of publisher, distributor, etc. | MACMILLAN |
| Date of publication, distribution, etc. | 1971 |
| 300 ## - PHYSICAL DESCRIPTION | |
| Extent | 198P |
| 942 ## - ADDED ENTRY ELEMENTS (KOHA) | |
| Koha item type | Book |
| Withdrawn status | Lost status | Damaged status | Not for loan | Permanent Location | Current Location | Shelving location | Date acquired | Total Checkouts | Full call number | Barcode | Date last seen | Price effective from | Koha item type |
|---|---|---|---|---|---|---|---|---|---|---|---|---|---|
| College of Electrical & Mechanical Engineering (CEME) | College of Electrical & Mechanical Engineering (CEME) | General Stacks | 05/25/2017 | 671 MET'B | CEME-11480 | 06/28/2021 | 06/28/2021 | Book |
